Science Quiz

Random Science Quiz

Figure Out the Bacteria! Quiz Stats

Quiz not verified by Sporcle

Challenge
Share
Tweet
Score 0/9 Timer 10:00
0 Plays Today
% Correct
???
100%
???
86.5%
???
64.7%
???
64.7%
???
53%
???
53%
???
26.9%
???
26.6%
???
15.6%

You're not logged in!

Compare scores with friends on all Sporcle quizzes.
Sign Up with Email
OR
Log In

You Might Also Like...

Show Comments

Extras

Top Quizzes Today


Score Distribution

Your Account Isn't Verified!

In order to create a playlist on Sporcle, you need to verify the email address you used during registration. Go to your Sporcle Settings to finish the process.